Elindult a jelentkezés az SZTE-állásbörzére [rövid hír]

Elmentve itt :
Bibliográfiai részletek
Dokumentumtípus: Cikk
Megjelent: 2023-02-20
Sorozat:Délmagyarország 113 No. 43
Kulcsszavak:SZTE Karrier Iroda, Rendezvény - SZTE Karriernapok - Állásbörze - 2023. tavasz, Egyetemi hallgatók, Pályaválasztás - pályaorientáció, SZTE József Attila Tanulmányi és Információs Központ - TIK, Elhelyezkedés - dél-alföldi régió, Együttműködés - cégek
Online Access:http://univ.bibl.u-szeged.hu/65335
LEADER 00917nab a2200181 i 4500
001 univ65335
005 20230220104512.0
008 230220s2023 hu o 0|| hun d
040 |a SZTE UnivHistória Repozitórium  |b hun 
041 |a hun 
245 0 0 |a Elindult a jelentkezés az SZTE-állásbörzére   |h [elektronikus dokumentum] :  |b [rövid hír] 
260 |c 2023-02-20 
300 |a 3 
490 0 |a Délmagyarország  |v 113 No. 43 
561 |a Egyetemi hirarchívum 
695 |a SZTE Karrier Iroda, Rendezvény - SZTE Karriernapok - Állásbörze - 2023. tavasz, Egyetemi hallgatók, Pályaválasztás - pályaorientáció, SZTE József Attila Tanulmányi és Információs Központ - TIK, Elhelyezkedés - dél-alföldi régió, Együttműködés - cégek 
856 4 0 |u http://univ.bibl.u-szeged.hu/65335/1/13277936.pdf  |z Dokumentum-elérés  
856 4 0 |u http://univ.bibl.u-szeged.hu/65335/2/imedias3.com.pdf  |z Dokumentum-elérés